| 000 | 00917cam a2200265 i 4500 | ||
|---|---|---|---|
| 001 | 17865036 | ||
| 005 | 20150219114744.0 | ||
| 008 | 130816s2014 stka frb 001 0 eng d | ||
| 020 | _a9780702051401 | ||
| 020 | _z9780702054785 (eBook) | ||
| 040 |
_aDNLM/DLC _cDLC _dDLC _dEG-ScBUE |
||
| 082 | 0 | 0 |
_a616.0756 _222 _bCLI |
| 245 | 0 | 0 |
_aClinical biochemistry : _bmetabolic and clinical aspects / _cedited by William J. Marshall ... [et al.] |
| 250 | _a3rd ed. | ||
| 260 |
_aEdinburgh, Scotland : _bChurchill Livingstone / Elsevier, _c2014. |
||
| 300 |
_ax, 932 p. : _bill. ; _c28 cm. |
||
| 500 | _aIndex : p. 883-932. | ||
| 504 | _aIncludes bibliographical references. | ||
| 650 | 0 |
_aBiochemistry _918368 |
|
| 650 | 0 |
_aMetabolism _xphysiology _937467 |
|
| 653 |
_bPPhrm _cFebruary2015 |
||
| 655 |
_vreading book _934232 |
||
| 700 | 1 |
_aMarshall, William J., _d1944 April 1- _eeditor. _937468 |
|
| 942 |
_2ddc _k616.0756 CLI |
||
| 999 |
_c19009 _d18981 |
||